000 00853cam a22002771 4500
001 26367
003 BD-RjUL
005 20211209051016.0
008 140322r19651960enk b 001 0 eng
035 _a(BD-RjUL)26437
040 _aDLC
_cDLC
_dDLC
_dBD-RjUL
_beng
041 _aeng
082 0 0 _a946
_bATH 1965
100 1 _aAtkinson, William C.
_q(William Christopher),
_d1902-
_981075
245 0 2 _aA history of Spain & Portugal /
_cby William C Atkinson.
260 _aLondon :
_bPenguin Books,
_cc1960 [Reprinted 1965].
300 _a382 p. ;
_c18 cm.
490 0 _aThe Pelican history of the world
490 0 _aPelican books, A464.
504 _aIncludes bibliographical references and index.
651 0 _aSpain
_xHistory.
_981076
651 0 _aPortugal
_xHistory.
_981077
942 _2ddc
_cBK
999 _c26367
_d26367